Co-operation in Karjan; (Record no. 54901)

MARC details
000 -LEADER
fixed length control field 00954cam a22002531 4500
001 - CONTROL NUMBER
control field sa 63003122
003 - CONTROL NUMBER IDENTIFIER
control field DLC
005 - DATE AND TIME OF LATEST TRANSACTION
control field 20260227111939.0
008 - FIXED-LENGTH DATA ELEMENTS--GENERAL INFORMATION
fixed length control field 860318s1961 ii b 000 0 eng
010 ## - LIBRARY OF CONGRESS CONTROL NUMBER
LC control number sa 63003122
035 ## - SYSTEM CONTROL NUMBER
System control number (OCoLC)13308063
040 ## - CATALOGING SOURCE
Original cataloging agency DLC
Transcribing agency CU
Modifying agency DLC
042 ## - AUTHENTICATION CODE
Authentication code premarc
043 ## - GEOGRAPHIC AREA CODE
Geographic area code a-ii---
050 00 - LIBRARY OF CONGRESS CALL NUMBER
Classification number HD3540.A3
Item number K25
100 1# - MAIN ENTRY--PERSONAL NAME
Personal name Desai, M. B.
Fuller form of name (Maganbhai Bhagwanji),
Dates associated with a name 1918-
245 10 - TITLE STATEMENT
Title Co-operation in Karjan;
Remainder of title a report on the working of the co-operative movement in Karjan Taluka.
260 ## - PUBLICATION, DISTRIBUTION, ETC.
Place of publication, distribution, etc. Bombay,
Name of publisher, distributor, etc. Indian Society of Agricultural Economics
Date of publication, distribution, etc. [1961]
300 ## - PHYSICAL DESCRIPTION
Extent viii, 131 p.
Other physical details fold. map, tables
Dimensions 25 cm.
490 1# - SERIES STATEMENT
Series statement Indian Society of Agricultural Economics. Publications ;
Volume/sequential designation 35. Seminar Series
650 #0 - SUBJECT ADDED ENTRY--TOPICAL TERM
Topical term or geographic name entry element Cooperation
Geographic subdivision India
-- Karjan (Taluka)
650 #0 - SUBJECT ADDED ENTRY--TOPICAL TERM
Topical term or geographic name entry element Agriculture, Cooperative
Geographic subdivision India
-- Karjan (Taluka)
830 #0 - SERIES ADDED ENTRY--UNIFORM TITLE
Uniform title Publications (Indian Society of Agricultural Economics) ;
Volume/sequential designation 35. Seminar Series.

No items available.

Powered by Koha